Territórios Dependentes e Regiões Autônomas - Statistics

Estatísticas Gerais
  • Esse quiz foi jogado 90 vezes
  • A pontuação média é 19 de 43
Estatísticas das Respostas
Continente Estado Soberano Território % Correto
América Dinamarca Groelândia
89%
América Estados Unidos Porto Rico
87%
Europa Reino Unido Ilha de Man
71%
Ásia China Hong Kong
66%
Europa Chipre Chipre do Norte
63%
América França Guiana Francesa
63%
Ásia China Macau
63%
Europa Reino Unido Gibraltar
58%
Oceania Estados Unidos Guam
58%
Europa Dinamarca Ilhas Faroe
55%
América Reino Unido Ilhas Malvinas
55%
Oceania França Polinésia Francesa
55%
Oceania Nova Zelândia Ilhas Cook
53%
Europa Sérvia Kosovo
53%
Oceania Nova Zelândia Niue
53%
África Marrocos Saara Ocidental
53%
América Reino Unido Ilhas Cayman
50%
Oceania França Nova Caledônia
50%
América Reino Unido Bermudas
47%
Europa Reino Unido Jersey
47%
África França Reunião
47%
África Somália Somalilândia
47%
América Reino Unido Ilhas Turcas e Caicos
45%
Europa Moldávia Transnístria
45%
América Reino Unido Anguila
42%
Oceania Nova Zelândia Tokelau
39%
Ásia Georgia Abecásia
37%
África França Mayotte
37%
América França São Pedro e Miquelau
37%
Europa Noruega Svalbard
37%
Oceania Estados Unidos Ilhas Marianas Setentrionais
34%
Ásia Georgia Ossétia do Sul
34%
Oceania França Wallis e Futuna
34%
África Reino Unido Santa Helena, Ascensão e Tristão da Cunha
32%
Europa Finlândia Alanda
29%
Ásia Iraque, Irã, Síria, Turquia Curdistão
29%
Oceania Reino Unido Ilhas Pitcairn
26%
América França São Bartolomeu
26%
Oceania Austrália Ilhas Cocos (Keeling)
24%
Oceania Austrália Ilha do Natal
21%
América Reino Unido Monserrat
16%
Europa Reino Unido Guernesey
11%
Ásia Uzbequistão Caracalpaquistão
8%
Nenhum quiz correspondente encontrado
Distribuição das Pontuações
Porcentagem de Pessoas com Cada Pontuação
Percentil de Números Respondidos
Sua Pontuação Histórica
Você não jogou esse quiz